000 01027njm a22002417a 4500
005 20100901115333.0
006 a|||||r|||||00| 0
007 sd ammalaaahaa
008 100901t xxu||||| |||| 00| 0 eng d
028 _aBEX-272
_bColumbia
035 _aGR-376
040 _aSED
_cSED
100 _aThakur's Omkarnathji
_917891
245 _aMain nahin makhan khayo :
_b(Bhajan) /
_cby Omkarnathji Thakur's
_h[Sound recording]
246 _aमैं नहीं माखन खायो / ओम्कर्नाथ्जी ठाकुर 'स
260 _aDUM DUM, India
_bColumbia
300 _a1 Sound disc [Gramophone Recording] :
_banalog, 33 1/3 rpm
_c9.5 in. (MP)
_fGramophone Record
500 _aBrief record
505 _aSide-2 मैं नहीं माखन खायो (Main nahin makhan khayop ) (Omkarnathji Thakur's)
650 _aClassical music
_xExcerpts
_zIndia
_917892
942 _2ddc
_cGR
999 _c43488
_d43488